<?xml version="1.0" encoding="UTF-8"?>
<record
    xmlns:xsi="http://www.w3.org/2001/XMLSchema-instance"
    xsi:schemaLocation="http://www.loc.gov/MARC21/slim http://www.loc.gov/standards/marcxml/schema/MARC21slim.xsd"
    xmlns="http://www.loc.gov/MARC21/slim">

  <leader>01265nam a22002657a 4500</leader>
  <controlfield tag="005">20170124103154.0</controlfield>
  <datafield tag="010" ind1=" " ind2=" ">
    <subfield code="a">B-135686</subfield>
  </datafield>
  <datafield tag="020" ind1=" " ind2=" ">
    <subfield code="c">250.00</subfield>
  </datafield>
  <datafield tag="035" ind1=" " ind2=" ">
    <subfield code="a">B-135686</subfield>
  </datafield>
  <datafield tag="037" ind1=" " ind2=" ">
    <subfield code="b">Cen Lib/Ret</subfield>
  </datafield>
  <datafield tag="040" ind1=" " ind2=" ">
    <subfield code="a">DPL</subfield>
    <subfield code="b">HN</subfield>
  </datafield>
  <datafield tag="082" ind1=" " ind2=" ">
    <subfield code="a">650.0285</subfield>
    <subfield code="b">&#x917;&#x941;&#x92A;&#x94D;&#x924;&#x93E;&#x930;&#x947; </subfield>
  </datafield>
  <datafield tag="100" ind1=" " ind2=" ">
    <subfield code="a">&#x917;&#x941;&#x92A;&#x94D;&#x924;&#x93E;, &#x930;&#x947;&#x928;&#x942;</subfield>
    <subfield code="9">88987</subfield>
  </datafield>
  <datafield tag="245" ind1=" " ind2=" ">
    <subfield code="a">&#x935;&#x94D;&#x92F;&#x93E;&#x92A;&#x930; &#x92E;&#x947;&#x902; &#x915;&#x902;&#x92A;&#x94D;&#x92F;&#x942;&#x91F;&#x930; &#x905;&#x928;&#x941;&#x92A;&#x94D;&#x930;&#x92F;&#x94B;&#x917; /</subfield>
    <subfield code="c">&#x930;&#x947;&#x923;&#x941; &#x917;&#x941;&#x92A;&#x94D;&#x924;&#x93E; ; &#x905;&#x928;&#x941;&#x935;&#x93E;&#x926;&#x915; &#x90F;&#x935;&#x902; &#x938;&#x902;&#x92A;&#x93E;&#x926;&#x915; &#x917;&#x94C;&#x930;&#x935; &#x917;&#x941;&#x92A;&#x94D;&#x924;&#x93E;   </subfield>
  </datafield>
  <datafield tag="246" ind1=" " ind2=" ">
    <subfield code="a">Vyapar me computer anuprayog /</subfield>
    <subfield code="b">by Renu Gupta ; anuvadak evam sampadak gaurav Gupta</subfield>
  </datafield>
  <datafield tag="260" ind1=" " ind2=" ">
    <subfield code="a">&#x928;&#x92F;&#x940; &#x926;&#x93F;&#x932;&#x94D;&#x932;&#x940; </subfield>
    <subfield code="b">&#x92E;&#x939;&#x93E;&#x935;&#x940;&#x930; &#x92C;&#x941;&#x915; &#x921;&#x93F;&#x92A;&#x94B; </subfield>
    <subfield code="c">2005</subfield>
  </datafield>
  <datafield tag="270" ind1=" " ind2=" ">
    <subfield code="b">&#x928;&#x92F;&#x940; &#x926;&#x93F;&#x932;&#x94D;&#x932;&#x940; </subfield>
    <subfield code="a">2603, &#x928;&#x92F;&#x940; &#x938;&#x921;&#x93C;&#x915; </subfield>
    <subfield code="e">110006 </subfield>
  </datafield>
  <datafield tag="300" ind1=" " ind2=" ">
    <subfield code="a">440&#x92A;&#x943;.</subfield>
    <subfield code="c">21&#x938;&#x947;&#x92E;&#x940;(&#x938;&#x91C;&#x93F;&#x932;&#x94D;&#x926; ) </subfield>
  </datafield>
  <datafield tag="650" ind1=" " ind2=" ">
    <subfield code="a">&#x935;&#x94D;&#x92F;&#x93E;&#x92A;&#x93E;&#x930;</subfield>
    <subfield code="x"> </subfield>
    <subfield code="z"> </subfield>
    <subfield code="9">88988</subfield>
  </datafield>
  <datafield tag="650" ind1=" " ind2=" ">
    <subfield code="a">&#x935;&#x94D;&#x92F;&#x93E;&#x92A;&#x93E;&#x930;--&#x915;&#x902;&#x92A;&#x94D;&#x92F;&#x942;&#x91F;&#x930; &#x905;&#x928;&#x941;&#x92A;&#x94D;&#x930;&#x92F;&#x94B;&#x917; </subfield>
    <subfield code="9">84457</subfield>
  </datafield>
  <datafield tag="650" ind1=" " ind2=" ">
    <subfield code="a">Business </subfield>
    <subfield code="9">8513</subfield>
  </datafield>
  <datafield tag="650" ind1=" " ind2=" ">
    <subfield code="a">Business - computer applications</subfield>
    <subfield code="9">21456</subfield>
  </datafield>
  <datafield tag="700" ind1=" " ind2=" ">
    <subfield code="a">&#x917;&#x941;&#x92A;&#x94D;&#x924;&#x93E;, &#x917;&#x94C;&#x930;&#x935; </subfield>
    <subfield code="9">88989</subfield>
  </datafield>
  <datafield tag="942" ind1=" " ind2=" ">
    <subfield code="2">ddc</subfield>
    <subfield code="c">HN</subfield>
    <subfield code="h">650.0285</subfield>
    <subfield code="m">&#x917;&#x941;&#x92A;&#x94D;&#x924;&#x93E;&#x930;&#x947; </subfield>
  </datafield>
  <datafield tag="999" ind1=" " ind2=" ">
    <subfield code="c">120173</subfield>
    <subfield code="d">120173</subfield>
  </datafield>
  <datafield tag="952" ind1=" " ind2=" ">
    <subfield code="0">0</subfield>
    <subfield code="1">0</subfield>
    <subfield code="4">0</subfield>
    <subfield code="7">0</subfield>
    <subfield code="a">L</subfield>
    <subfield code="b">L</subfield>
    <subfield code="d">2015-09-21</subfield>
    <subfield code="e">Cen Lib/Ref</subfield>
    <subfield code="g">250.00</subfield>
    <subfield code="l">6</subfield>
    <subfield code="m">2</subfield>
    <subfield code="o">650.0285 &#x917;&#x941;&#x92A;&#x94D;&#x924;&#x93E;&#x930;&#x947;</subfield>
    <subfield code="p">B-135686</subfield>
    <subfield code="r">2019-11-07 00:00:00</subfield>
    <subfield code="s">2019-10-05</subfield>
    <subfield code="t">1</subfield>
    <subfield code="v">250.00</subfield>
    <subfield code="w">2015-09-21</subfield>
    <subfield code="y">HN</subfield>
  </datafield>
</record>
